Thời niên thiếu của các danh nhân : Truyện tranh của nhiều tác giả

محفوظ في:
التفاصيل البيبلوغرافية
التنسيق: كتاب
اللغة:Undetermined
منشور في: H. VHTT 2002
الموضوعات:
الوسوم: إضافة وسم
لا توجد وسوم, كن أول من يضع وسما على هذه التسجيلة!
Thư viện lưu trữ: Trung tâm Học liệu Trường Đại học Cần Thơ
LEADER 00558nam a2200181Ia 4500
001 CTU_56748
008 210402s9999 xx 000 0 und d
020 |b 60000 
082 |a 895.1301 
082 |b Th452 
245 0 |a Thời niên thiếu của các danh nhân : Truyện tranh của nhiều tác giả 
245 0 |c Lý Lan biên dịch 
260 |a H. 
260 |b VHTT 
260 |c 2002 
650 |a short stories, chinese ( vietnamese ),celebrities 
650 |x biography 
980 |a Trung tâm Học liệu Trường Đại học Cần Thơ